[Event "Latvian Teams Chess Championship Higher League 2019"]
[Site "Riga Chess School, 10 Pernavas Street, Riga, Latvia"]
[Date "2019.06.08"]
[Round "4.5"]
[White "Gorozhankina, Julia"]
[Black "Badelka, Olga"]
[Result "1/2-1/2"]
[TimeControl "Standard: 90 minutes with 30 second increment from move 1"]
[WhiteTitle "WFM"]
[BlackTitle "WIM"]
[WhiteFideId "4199650"]
[BlackFideId "13509926"]
[WhiteElo "2071"]
[BlackElo "2391"]

1. e4 {[%clk 01:31:00]} {[%emt 00:43:47]} c5 {[%clk 01:23:59]} {[%emt
00:07:03]} 2. Nf3 {[%clk 01:31:26]} {[%emt 00:00:05]} Nc6 {[%clk 01:23:41]}
{[%emt 00:00:47]} 3. Bb5 {[%clk 01:31:51]} {[%emt 00:00:05]} e6 {[%clk
01:24:08]} {[%emt 00:00:03]} 4. O-O {[%clk 01:31:00]} {[%emt 00:01:21]} Nge7
{[%clk 01:24:28]} {[%emt 00:00:10]} 5. Re1 {[%clk 01:31:02]} {[%emt 00:00:29]}
Nd4 {[%clk 01:24:45]} {[%emt 00:00:11]} 6. Nxd4 {[%clk 01:28:46]} {[%emt
00:02:47]} cxd4 {[%clk 01:24:58]} {[%emt 00:00:16]} 7. c4 {[%clk 01:26:43]}
{[%emt 00:02:34]} Nc6 {[%clk 01:20:38]} {[%emt 00:07:33]} 8. d3 {[%clk
01:25:47]} {[%emt 00:01:26]} d6 {[%clk 01:14:30]} {[%emt 00:06:38]} 9. f4
{[%clk 01:21:13]} {[%emt 00:05:05]} Be7 {[%clk 01:14:23]} {[%emt 00:00:35]} 10.
Nd2 {[%clk 01:21:15]} {[%emt 00:00:29]} a6 {[%clk 01:08:55]} {[%emt 00:05:58]}
11. Ba4 {[%clk 01:17:35]} {[%emt 00:04:10]} Rb8 {[%clk 01:08:59]} {[%emt
00:00:27]} 12. Nf3 {[%clk 01:16:09]} {[%emt 00:01:55]} b5 {[%clk 01:09:13]}
{[%emt 00:00:16]} 13. cxb5 {[%clk 01:14:55]} {[%emt 00:01:45]} axb5 {[%clk
01:09:38]} {[%emt 00:00:04]} 14. Bb3 {[%clk 01:15:23]} {[%emt 00:00:01]} O-O
{[%clk 01:09:12]} {[%emt 00:00:57]} 15. Bd2 {[%clk 01:11:40]} {[%emt 00:04:13]}
Qb6 {[%clk 01:08:40]} {[%emt 00:01:01]} 16. Qe2 {[%clk 01:06:31]} {[%emt
00:05:40]} b4 {[%clk 00:59:34]} {[%emt 00:09:36]} 17. Ba4 {[%clk 01:01:07]}
{[%emt 00:05:54]} Na5 {[%clk 00:51:55]} {[%emt 00:08:09]} 18. Qf2 {[%clk
00:54:05]} {[%emt 00:07:32]} Ba6 {[%clk 00:50:14]} {[%emt 00:02:11]} 19. Qxd4
{[%clk 00:46:09]} {[%emt 00:08:26]} Bxd3 {[%clk 00:49:50]} {[%emt 00:00:54]} 20.
Qxb6 {[%clk 00:44:06]} {[%emt 00:02:34]} Rxb6 {[%clk 00:50:15]} {[%emt
00:00:03]} 21. a3 {[%clk 00:42:57]} {[%emt 00:01:40]} Nc4 {[%clk 00:49:13]}
{[%emt 00:01:31]} 22. Bxb4 {[%clk 00:42:04]} {[%emt 00:01:24]} Nxb2 {[%clk
00:49:37]} {[%emt 00:00:06]} 23. Bd1 {[%clk 00:36:51]} {[%emt 00:05:43]} Rc8
{[%clk 00:33:34]} {[%emt 00:16:32]} 24. e5 {[%clk 00:30:39]} {[%emt 00:06:42]}
Kf8 {[%clk 00:33:49]} {[%emt 00:00:15]} 25. exd6 {[%clk 00:22:19]} {[%emt
00:08:51]} Bxd6 {[%clk 00:34:15]} {[%emt 00:00:04]} 26. Ne5 {[%clk 00:22:38]}
{[%emt 00:00:11]} Bb5 {[%clk 00:26:28]} {[%emt 00:08:17]} 27. Bxd6+ {[%clk
00:20:51]} {[%emt 00:02:17]} Rxd6 {[%clk 00:26:54]} {[%emt 00:00:03]} 28. Be2
{[%clk 00:20:41]} {[%emt 00:00:40]} Bxe2 {[%clk 00:24:09]} {[%emt 00:03:16]} 29.
Rxe2 {[%clk 00:20:27]} {[%emt 00:00:44]} Na4 {[%clk 00:24:36]} {[%emt
00:00:02]} 30. Re4 {[%clk 00:15:10]} {[%emt 00:05:47]} Nc3 {[%clk 00:24:36]}
{[%emt 00:00:30]} 31. Rb4 {[%clk 00:15:10]} {[%emt 00:00:30]} f6 {[%clk
00:19:21]} {[%emt 00:05:45]} 32. Nf3 {[%clk 00:15:26]} {[%emt 00:00:15]} Nd5
{[%clk 00:17:29]} {[%emt 00:02:22]} 33. Rd4 {[%clk 00:13:42]} {[%emt 00:02:14]}
Ke7 {[%clk 00:17:29]} {[%emt 00:00:29]} 34. Rb1 {[%clk 00:10:35]} {[%emt
00:03:38]} Rc7 {[%clk 00:17:39]} {[%emt 00:00:20]} 35. Rb2 {[%clk 00:08:14]}
{[%emt 00:02:52]} Ra7 {[%clk 00:17:30]} {[%emt 00:00:37]} 36. a4 {[%clk
00:05:34]} {[%emt 00:03:11]} Nc3 {[%clk 00:17:08]} {[%emt 00:00:51]} 37. Rc4
{[%clk 00:04:23]} {[%emt 00:01:42]} Rd1+ {[%clk 00:13:11]} {[%emt 00:04:26]} 38.
Kf2 {[%clk 00:04:47]} {[%emt 00:00:06]} Rc1 {[%clk 00:10:28]} {[%emt 00:03:13]}
39. Rbb4 {[%clk 00:05:02]} {[%emt 00:00:15]} Rc2+ {[%clk 00:09:15]} {[%emt
00:01:44]} 40. Kf1 {[%clk 00:02:26]} {[%emt 00:03:06]} Rd7 {[%clk 00:06:04]}
{[%emt 00:03:40]} 41. Nd4 {[%clk 00:01:09]} {[%emt 00:01:47]} Rc1+ {[%clk
00:06:26]} {[%emt 00:00:08]} 42. Kf2 {[%clk 00:01:36]} {[%emt 00:00:03]} e5
{[%clk 00:04:10]} {[%emt 00:02:47]} 43. fxe5 {[%clk 00:01:17]} {[%emt
00:00:50]} fxe5 {[%clk 00:04:39]} 44. Nc6+ {[%clk 00:00:57]} {[%emt 00:00:51]}
Kf6 {[%clk 00:04:42]} {[%emt 00:00:26]} 45. Kg3 {[%clk 00:00:47]} {[%emt
00:00:40]} g5 {[%clk 00:01:06]} {[%emt 00:04:05]} 46. h4 {[%clk 00:01:07]}
{[%emt 00:00:10]} gxh4+ {[%clk 00:00:53]} {[%emt 00:00:43]} 47. Rxh4 {[%clk
00:01:23]} {[%emt 00:00:15]} Ne2+ {[%clk 00:01:04]} {[%emt 00:00:19]} 48. Kf2
{[%clk 00:01:50]} {[%emt 00:00:03]} Rd2 {[%clk 00:00:35]} {[%emt 00:00:59]} 49.
Ke3 {[%clk 00:01:15]} {[%emt 00:01:05]} Ra2 {[%clk 00:01:02]} {[%emt 00:00:03]}
50. Rxh7 {[%clk 00:00:52]} {[%emt 00:00:53]} Rc3+ {[%clk 00:00:53]} {[%emt
00:00:39]} 51. Ke4 {[%clk 00:00:38]} {[%emt 00:00:44]} Ng3+ {[%clk 00:00:57]}
{[%emt 00:00:26]} 52. Kd5 {[%clk 00:01:05]} {[%emt 00:00:03]} Rd2+ {[%clk
00:01:01]} {[%emt 00:00:25]} 53. Nd4 {[%clk 00:01:32]} {[%emt 00:00:04]} Nf5
{[%clk 00:00:43]} {[%emt 00:00:49]} 54. Rb6+ {[%clk 00:01:53]} {[%emt
00:00:08]} Kg5 {[%clk 00:01:09]} {[%emt 00:00:03]} 55. Kxe5 {[%clk 00:02:07]}
{[%emt 00:00:17]} Rxd4 {[%clk 00:00:44]} {[%emt 00:00:55]} 56. Rg7 {[%clk
00:02:26]} {[%emt 00:00:11]} Nxg7 {[%clk 00:00:47]} {[%emt 00:00:27]} 57. Kxd4
{[%clk 00:02:53]} {[%emt 00:00:02]} Ra3 {[%clk 00:01:12]} {[%emt 00:00:05]} 58.
Ra6 {[%clk 00:03:07]} {[%emt 00:00:16]} Nf5+ {[%clk 00:01:35]} {[%emt
00:00:07]} 59. Kc5 {[%clk 00:03:26]} {[%emt 00:00:11]} Kf4 {[%clk 00:01:57]}
{[%emt 00:00:08]} 60. a5 {[%clk 00:03:52]} {[%emt 00:00:04]} Ke5 {[%clk
00:02:10]} {[%emt 00:00:18]} 61. Ra8 {[%clk 00:03:54]} {[%emt 00:00:27]} Rc3+
{[%clk 00:02:05]} {[%emt 00:00:35]} 62. Kb4 {[%clk 00:04:03]} {[%emt 00:00:22]}
Rc7 {[%clk 00:02:25]} {[%emt 00:00:10]} 63. a6 {[%clk 00:03:50]} {[%emt
00:00:43]} 1/2-1/2

[Event "Latvian Teams Chess Championship Higher League 2019"]
[Site "Riga Chess School, 10 Pernavas Street, Riga, Latvia"]
[Date "2019.06.08"]
[Round "4.6"]
[White "Meshkovs, Nikita"]
[Black "Krustkalns, Kristaps"]
[Result "1-0"]
[TimeControl "Standard: 90 minutes with 30 second increment from move 1"]
[WhiteTitle "GM"]
[BlackTitle "FM"]
[WhiteFideId "11602740"]
[BlackFideId "11602686"]
[WhiteElo "2550"]
[BlackElo "2202"]

1. Nf3 {[%clk 01:30:38]} {[%emt 00:00:22]} f5 {[%clk 01:25:22]} {[%emt
00:05:38]} 2. b4 {[%clk 01:31:00]} {[%emt 00:00:08]} e6 {[%clk 01:23:22]}
{[%emt 00:02:29]} 3. Bb2 {[%clk 01:30:05]} {[%emt 00:01:25]} Nf6 {[%clk
01:22:25]} {[%emt 00:01:29]} 4. a3 {[%clk 01:30:14]} {[%emt 00:00:21]} d5
{[%clk 01:21:53]} {[%emt 00:01:02]} 5. e3 {[%clk 01:30:10]} {[%emt 00:00:33]}
Bd6 {[%clk 01:19:15]} {[%emt 00:03:08]} 6. c4 {[%clk 01:27:59]} {[%emt
00:04:29]} c6 {[%clk 01:19:18]} {[%emt 00:01:22]} 7. d4 {[%clk 01:21:17]}
{[%emt 00:07:12]} O-O {[%clk 01:19:28]} {[%emt 00:00:20]} 8. Nc3 {[%clk
01:16:27]} {[%emt 00:05:20]} Bd7 {[%clk 01:19:17]} {[%emt 00:00:41]} 9. Bd3
{[%clk 01:15:33]} {[%emt 00:01:24]} Be8 {[%clk 01:18:52]} {[%emt 00:00:55]} 10.
Qb3 {[%clk 01:08:26]} {[%emt 00:07:37]} Nbd7 {[%clk 01:18:32]} {[%emt
00:00:49]} 11. Ng5 {[%clk 00:59:54]} {[%emt 00:09:02]} Qe7 {[%clk 01:17:52]}
{[%emt 00:01:10]} 12. f4 {[%clk 00:54:01]} {[%emt 00:06:24]} Ne4 {[%clk
01:10:51]} {[%emt 00:07:30]} 13. Ncxe4 {[%clk 00:53:01]} {[%emt 00:01:31]} fxe4
{[%clk 01:10:00]} {[%emt 00:01:20]} 14. Be2 {[%clk 00:53:26]} {[%emt 00:00:06]}
h6 {[%clk 01:08:33]} {[%emt 00:01:56]} 15. Nh3 {[%clk 00:53:51]} {[%emt
00:00:05]} Bh5 {[%clk 01:08:44]} {[%emt 00:00:20]} 16. c5 {[%clk 00:44:28]}
{[%emt 00:09:53]} Qh4+ {[%clk 01:03:36]} {[%emt 00:05:37]} 17. Nf2 {[%clk
00:42:19]} {[%emt 00:02:39]} Bxe2 {[%clk 01:03:47]} {[%emt 00:00:19]} 18. Kxe2
{[%clk 00:42:42]} {[%emt 00:00:08]} Be7 {[%clk 01:04:01]} {[%emt 00:00:15]} 19.
g3 {[%clk 00:36:35]} {[%emt 00:06:39]} Qh5+ {[%clk 00:56:39]} {[%emt 00:07:51]}
20. g4 {[%clk 00:36:53]} {[%emt 00:00:11]} Qg6 {[%clk 00:56:54]} {[%emt
00:00:13]} 21. h4 {[%clk 00:36:30]} {[%emt 00:00:56]} b5 {[%clk 00:55:39]}
{[%emt 00:01:45]} 22. h5 {[%clk 00:36:09]} {[%emt 00:00:51]} Qf7 {[%clk
00:55:46]} {[%emt 00:00:22]} 23. a4 {[%clk 00:36:03]} {[%emt 00:00:38]} Rfb8
{[%clk 00:47:46]} {[%emt 00:08:29]} 24. Bc3 {[%clk 00:34:39]} {[%emt 00:01:54]}
bxa4 {[%clk 00:46:50]} {[%emt 00:01:27]} 25. Qxa4 {[%clk 00:34:49]} {[%emt
00:00:20]} Rb5 {[%clk 00:46:58]} {[%emt 00:00:21]} 26. Qa6 {[%clk 00:34:16]}
{[%emt 00:01:02]} Nb8 {[%clk 00:45:07]} {[%emt 00:02:21]} 27. Qc8+ {[%clk
00:34:41]} {[%emt 00:00:05]} Bf8 {[%clk 00:45:03]} {[%emt 00:00:34]} 28. g5
{[%clk 00:33:58]} {[%emt 00:01:14]} hxg5 {[%clk 00:42:53]} {[%emt 00:02:40]} 29.
h6 {[%clk 00:34:08]} {[%emt 00:00:20]} gxh6 {[%clk 00:39:48]} {[%emt 00:03:35]}
30. Ng4 {[%clk 00:34:21]} {[%emt 00:00:16]} Kh7 {[%clk 00:39:28]} {[%emt
00:00:50]} 31. Rxh6+ {[%clk 00:32:52]} {[%emt 00:02:00]} Bxh6 {[%clk 00:39:46]}
{[%emt 00:00:12]} 32. Rh1 {[%clk 00:33:18]} {[%emt 00:00:03]} 1-0

[Event "Latvian Teams Chess Championship Higher League 2019"]
[Site "Riga Chess School, 10 Pernavas Street, Riga, Latvia"]
[Date "2019.06.08"]
[Round "4.7"]
[White "Sinauridze, Simons"]
[Black "Laurusas, Tomas"]
[Result "0-1"]
[TimeControl "Standard: 90 minutes with 30 second increment from move 1"]
[BlackTitle "IM"]
[WhiteFideId "11604468"]
[BlackFideId "12803731"]
[WhiteElo "2065"]
[BlackElo "2507"]

1. e4 {[%clk 01:30:23]} {[%emt 00:00:37]} e5 {[%clk 01:28:10]} {[%emt
00:02:50]} 2. Nf3 {[%clk 01:29:38]} {[%emt 00:01:15]} Nc6 {[%clk 01:25:17]}
{[%emt 00:03:22]} 3. Bc4 {[%clk 01:28:55]} {[%emt 00:01:13]} Bc5 {[%clk
01:25:39]} {[%emt 00:00:08]} 4. c3 {[%clk 01:28:09]} {[%emt 00:01:16]} Nf6
{[%clk 01:26:04]} {[%emt 00:00:05]} 5. d4 {[%clk 01:27:47]} {[%emt 00:00:53]}
exd4 {[%clk 01:26:22]} {[%emt 00:00:11]} 6. cxd4 {[%clk 01:28:14]} {[%emt
00:00:03]} Bb4+ {[%clk 01:26:45]} {[%emt 00:00:08]} 7. Bd2 {[%clk 01:27:54]}
{[%emt 00:00:50]} Bxd2+ {[%clk 01:21:51]} {[%emt 00:05:23]} 8. Nbxd2 {[%clk
01:27:21]} {[%emt 00:03:47]} d5 {[%clk 01:22:00]} {[%emt 00:00:21]} 9. exd5
{[%clk 01:26:37]} {[%emt 00:01:14]} Nxd5 {[%clk 01:20:06]} {[%emt 00:02:23]} 10.
Qb3 {[%clk 01:24:50]} {[%emt 00:02:16]} Na5 {[%clk 01:20:15]} {[%emt 00:00:22]}
11. Qa4+ {[%clk 01:23:04]} {[%emt 00:02:16]} Nc6 {[%clk 01:20:38]} {[%emt
00:00:08]} 12. Qb3 {[%clk 01:19:13]} {[%emt 00:04:20]} Nce7 {[%clk 01:20:58]}
{[%emt 00:00:10]} 13. O-O {[%clk 01:18:33]} {[%emt 00:01:10]} O-O {[%clk
01:15:59]} {[%emt 00:05:29]} 14. Ne5 {[%clk 01:14:59]} {[%emt 00:04:03]} c6
{[%clk 01:16:02]} {[%emt 00:00:29]} 15. Ndf3 {[%clk 01:11:50]} {[%emt
00:03:39]} Qb6 {[%clk 01:13:24]} {[%emt 00:03:07]} 16. Qc2 {[%clk 01:02:37]}
{[%emt 00:09:43]} Bf5 {[%clk 01:11:49]} {[%emt 00:02:34]} 17. Qd2 {[%clk
00:55:01]} {[%emt 00:08:36]} Qb4 {[%clk 01:07:32]} {[%emt 00:04:48]} 18. Bd3
{[%clk 00:47:33]} {[%emt 00:07:58]} Qxd2 {[%clk 00:50:40]} {[%emt 00:17:22]} 19.
Nxd2 {[%clk 00:43:28]} {[%emt 00:04:35]} Nf4 {[%clk 00:48:27]} {[%emt
00:02:43]} 20. Bc4 {[%clk 00:30:09]} {[%emt 00:13:48]} b5 {[%clk 00:48:41]}
{[%emt 00:00:16]} 21. Bb3 {[%clk 00:29:59]} {[%emt 00:00:41]} Ne2+ {[%clk
00:49:03]} {[%emt 00:00:08]} 22. Kh1 {[%clk 00:30:19]} {[%emt 00:00:10]} Nxd4
{[%clk 00:49:16]} {[%emt 00:00:17]} 23. Rac1 {[%clk 00:29:58]} {[%emt
00:00:51]} Rac8 {[%clk 00:39:34]} {[%emt 00:10:12]} 24. Rfe1 {[%clk 00:27:10]}
{[%emt 00:03:18]} c5 {[%clk 00:29:54]} {[%emt 00:10:11]} 25. Nd7 {[%clk
00:18:39]} {[%emt 00:09:00]} Bxd7 {[%clk 00:30:14]} {[%emt 00:00:09]} 26. Rxe7
{[%clk 00:19:00]} {[%emt 00:00:09]} Rc7 {[%clk 00:24:29]} {[%emt 00:06:16]} 27.
Bd5 {[%clk 00:16:03]} {[%emt 00:03:26]} Nf5 {[%clk 00:24:40]} {[%emt 00:00:19]}
28. Re5 {[%clk 00:15:51]} {[%emt 00:00:42]} Re8 {[%clk 00:24:37]} {[%emt
00:00:34]} 29. Rce1 {[%clk 00:15:59]} {[%emt 00:00:22]} Rxe5 {[%clk 00:23:10]}
{[%emt 00:01:57]} 30. Rxe5 {[%clk 00:16:26]} {[%emt 00:00:02]} Kf8 {[%clk
00:23:32]} {[%emt 00:00:09]} 31. Be4 {[%clk 00:11:30]} {[%emt 00:05:27]} Nd6
{[%clk 00:22:42]} {[%emt 00:01:19]} 32. Bf3 {[%clk 00:11:05]} {[%emt 00:00:55]}
Be6 {[%clk 00:22:51]} {[%emt 00:00:21]} 33. a3 {[%clk 00:10:00]} {[%emt
00:01:35]} Ke7 {[%clk 00:20:46]} {[%emt 00:02:35]} 34. Nb3 {[%clk 00:08:08]}
{[%emt 00:02:22]} Nc4 {[%clk 00:20:13]} {[%emt 00:01:03]} 35. Rxc5 {[%clk
00:05:56]} {[%emt 00:02:42]} Rxc5 {[%clk 00:20:21]} {[%emt 00:00:22]} 36. Nxc5
{[%clk 00:06:24]} {[%emt 00:00:02]} Nxb2 {[%clk 00:20:40]} {[%emt 00:00:10]} 37.
Nxe6 {[%clk 00:06:06]} {[%emt 00:00:48]} Kxe6 {[%clk 00:20:49]} {[%emt
00:00:22]} 38. Be2 {[%clk 00:06:22]} {[%emt 00:00:14]} a6 {[%clk 00:20:54]}
{[%emt 00:00:25]} 0-1

[Event "Latvian Teams Chess Championship Higher League 2019"]
[Site "Riga Chess School, 10 Pernavas Street, Riga, Latvia"]
[Date "2019.06.08"]
[Round "4.8"]
[White "Bernotas, Arturs"]
[Black "Mikelsons, Mikelis-Emils"]
[Result "1-0"]
[TimeControl "Standard: 90 minutes with 30 second increment from move 1"]
[WhiteTitle "FM"]
[WhiteFideId "11601426"]
[BlackFideId "11607475"]
[WhiteElo "2389"]
[BlackElo "1799"]

1. e4 {[%clk 01:30:55]} {[%emt 00:00:02]} e5 {[%clk 01:30:57]} {[%emt
00:00:04]} 2. Nf3 {[%clk 01:30:40]} {[%emt 00:00:45]} Nc6 {[%clk 01:31:20]}
{[%emt 00:00:08]} 3. d4 {[%clk 01:30:53]} {[%emt 00:00:15]} exd4 {[%clk
01:31:45]} {[%emt 00:00:06]} 4. Nxd4 {[%clk 01:31:09]} {[%emt 00:00:14]} Nf6
{[%clk 01:31:27]} {[%emt 00:00:48]} 5. Nxc6 {[%clk 01:28:45]} {[%emt 00:02:54]}
bxc6 {[%clk 01:31:49]} {[%emt 00:00:08]} 6. Qe2 {[%clk 01:28:42]} {[%emt
00:00:32]} Bb4+ {[%clk 01:27:09]} {[%emt 00:05:10]} 7. c3 {[%clk 01:27:24]}
{[%emt 00:01:48]} Ba5 {[%clk 01:27:35]} {[%emt 00:00:04]} 8. e5 {[%clk
01:20:34]} {[%emt 00:10:03]} Nd5 {[%clk 01:27:55]} {[%emt 00:00:11]} 9. Qg4
{[%clk 01:19:10]} {[%emt 00:01:53]} O-O {[%clk 01:23:03]} {[%emt 00:05:23]} 10.
Bh6 {[%clk 01:17:06]} {[%emt 00:02:34]} g6 {[%clk 01:23:26]} {[%emt 00:00:06]}
11. Bxf8 {[%clk 01:15:20]} {[%emt 00:02:17]} Qxf8 {[%clk 01:23:52]} {[%emt
00:00:04]} 12. Bc4 {[%clk 01:10:40]} {[%emt 00:05:10]} d6 {[%clk 01:20:17]}
{[%emt 00:04:04]} 13. Qf3 {[%clk 01:07:01]} {[%emt 00:04:10]} Be6 {[%clk
01:16:21]} {[%emt 00:04:26]} 14. exd6 {[%clk 00:57:37]} {[%emt 00:09:54]} Nxc3
{[%clk 01:06:20]} {[%emt 00:10:32]} 15. Nxc3 {[%clk 00:51:47]} {[%emt
00:06:19]} Bxc4 {[%clk 01:06:29]} {[%emt 00:00:21]} 16. Qxc6 {[%clk 00:44:17]}
{[%emt 00:08:00]} Bxc3+ {[%clk 00:32:56]} {[%emt 00:34:03]} 17. bxc3 {[%clk
00:43:52]} {[%emt 00:00:55]} Re8+ {[%clk 00:33:21]} {[%emt 00:00:05]} 18. Kd1
{[%clk 00:43:09]} {[%emt 00:01:13]} Be2+ {[%clk 00:33:39]} {[%emt 00:00:12]} 19.
Kc2 {[%clk 00:41:44]} {[%emt 00:01:55]} cxd6 {[%clk 00:33:43]} {[%emt
00:00:26]} 20. Rhe1 {[%clk 00:24:15]} {[%emt 00:17:59]} Qe7 {[%clk 00:30:49]}
{[%emt 00:03:24]} 21. Qd5 {[%clk 00:18:27]} {[%emt 00:06:18]} Qf6 {[%clk
00:27:23]} {[%emt 00:03:56]} 22. f3 {[%clk 00:12:55]} {[%emt 00:06:00]} Rc8
{[%clk 00:25:52]} {[%emt 00:02:02]} 23. Qd2 {[%clk 00:09:16]} {[%emt 00:04:09]}
Qf5+ {[%clk 00:24:03]} {[%emt 00:02:20]} 24. Kc1 {[%clk 00:09:25]} {[%emt
00:00:21]} Bd3 {[%clk 00:24:08]} {[%emt 00:00:24]} 25. Re3 {[%clk 00:08:31]}
{[%emt 00:01:24]} Bc4 {[%clk 00:19:09]} {[%emt 00:05:30]} 26. Rb1 {[%clk
00:07:05]} {[%emt 00:01:55]} Qc5 {[%clk 00:17:41]} {[%emt 00:01:58]} 27. Kd1
{[%clk 00:06:02]} {[%emt 00:01:33]} Bxa2 {[%clk 00:14:30]} {[%emt 00:03:42]} 28.
Ra1 {[%clk 00:03:27]} {[%emt 00:03:04]} Bb3+ {[%clk 00:14:15]} {[%emt
00:00:46]} 29. Ke1 {[%clk 00:03:48]} {[%emt 00:00:09]} a5 {[%clk 00:14:25]}
{[%emt 00:00:19]} 30. Qd4 {[%clk 00:02:57]} {[%emt 00:01:21]} Qg5 {[%clk
00:11:06]} {[%emt 00:03:50]} 31. Kf2 {[%clk 00:03:00]} {[%emt 00:00:26]} a4
{[%clk 00:11:08]} {[%emt 00:00:28]} 32. Rae1 {[%clk 00:03:02]} {[%emt
00:00:28]} Qd8 {[%clk 00:09:33]} {[%emt 00:02:05]} 33. Re8+ {[%clk 00:02:43]}
{[%emt 00:00:50]} Qxe8 {[%clk 00:09:56]} {[%emt 00:00:07]} 34. Rxe8+ {[%clk
00:03:06]} {[%emt 00:00:06]} Rxe8 {[%clk 00:10:24]} {[%emt 00:00:03]} 35. Qxd6
{[%clk 00:02:55]} {[%emt 00:00:40]} Rc8 {[%clk 00:09:56]} {[%emt 00:00:58]} 36.
h4 {[%clk 00:02:40]} {[%emt 00:00:45]} Be6 {[%clk 00:10:13]} {[%emt 00:00:13]}
37. g4 {[%clk 00:02:37]} {[%emt 00:00:33]} Rc4 {[%clk 00:08:51]} {[%emt
00:01:52]} 38. h5 {[%clk 00:02:34]} {[%emt 00:00:33]} Kg7 {[%clk 00:07:51]}
{[%emt 00:01:30]} 39. Qe5+ {[%clk 00:01:57]} {[%emt 00:01:07]} Kf8 {[%clk
00:08:16]} {[%emt 00:00:05]} 40. h6 {[%clk 00:02:13]} {[%emt 00:00:14]} Ke7
{[%clk 00:08:34]} {[%emt 00:00:12]} 41. Ke3 {[%clk 00:02:11]} {[%emt 00:00:32]}
a3 {[%clk 00:07:54]} {[%emt 00:01:11]} 42. Qg5+ {[%clk 00:01:46]} {[%emt
00:00:54]} Kd7 {[%clk 00:05:56]} {[%emt 00:02:30]} 43. Qb5+ {[%clk 00:01:58]}
{[%emt 00:00:17]} Ke7 {[%clk 00:04:42]} {[%emt 00:01:43]} 44. Qa5 {[%clk
00:01:47]} {[%emt 00:00:42]} a2 {[%clk 00:04:47]} {[%emt 00:00:25]} 45. f4
{[%clk 00:01:49]} {[%emt 00:00:28]} Bxg4 {[%clk 00:01:48]} {[%emt 00:03:28]} 46.
Qxa2 {[%clk 00:01:54]} {[%emt 00:00:26]} Rxc3+ {[%clk 00:02:15]} {[%emt
00:00:03]} 47. Kd4 {[%clk 00:01:57]} {[%emt 00:00:27]} Rh3 {[%clk 00:01:49]}
{[%emt 00:00:56]} 48. Qa7+ {[%clk 00:02:20]} {[%emt 00:00:07]} Kf6 {[%clk
00:01:31]} {[%emt 00:00:48]} 49. Qc7 {[%clk 00:02:33]} {[%emt 00:00:16]} Rh5
{[%clk 00:01:39]} {[%emt 00:00:22]} 50. Qd6+ {[%clk 00:02:45]} {[%emt
00:00:18]} Be6 {[%clk 00:02:04]} {[%emt 00:00:06]} 51. Ke4 {[%clk 00:02:34]}
{[%emt 00:00:40]} Rd5 {[%clk 00:01:55]} {[%emt 00:00:39]} 52. Qf8 {[%clk
00:02:46]} {[%emt 00:00:18]} Rd7 {[%clk 00:00:50]} {[%emt 00:01:36]} 53. Qg7+
{[%clk 00:03:01]} {[%emt 00:00:15]} Ke7 {[%clk 00:01:17]} {[%emt 00:00:03]} 54.
Qxh7 {[%clk 00:03:19]} {[%emt 00:00:11]} Kd6 {[%clk 00:01:38]} {[%emt
00:00:09]} 55. Qh8 {[%clk 00:02:41]} {[%emt 00:01:08]} 1-0